000 01014cam a2200133 4500500
005 20260405065604.0
041 _afre
042 _adc
100 1 0 _aKremer-Marietti, Angèle
_eauthor
245 0 0 _aJean-Paul Sartre et le désir d'être : Une lecture de l'Etre et le néant
260 _bL'Harmattan,
_c2005.
520 _aOn a généralement retenu la notion sartrienne de "manque d'être", relative à l'humain. Certes il s'est employé à décrire ce manque, mais sa recherche aboutit à découvrir l'humain essentiellement animé de la tendance à "remplir les vides". Loin d'être une fatalité désespérante, ce manque est actif au point même qu'il est plutôt un désir vif et constant de ce dont il manque manifestement. L'Etre et le néant aboutit donc à la notion du "désir d'être" qui, selon Sartre, caractérise le plus concrètement possible l'être humain...
856 4 1 _uhttps://shs.cairn.info/Jean-Paul-Sartre-et-le-desir-d-etre--9782747584838?lang=fr&redirect-ssocas=7080
999 _c2197087
_d2197087